| 000 | 00000nam 2200000za 4500 |
| 001 | 9.689331 |
| 003 | CaOODSP |
| 005 | 20210624231840 |
| 007 | cr ||||||||||| |
| 008 | 150407s2003 onc o f000 0 eng d |
| 040 | |aCaOODSP|beng |
| 043 | |an-cn--- |
| 086 | 1 |aH46-2/03-326E-PDF |
| 245 | 00|aCanadian guidelines for intervention during a nuclear emergency |h[electronic resource]. |
| 260 | |a[Ottawa] : |bHealth Canada, |c2003. |
| 300 | |a30 p. |
| 500 | |aThis document is obsolete and has been replaced by Health Canada’s document: Generic criteria and operational intervention for nuclear emergency planning and response (HC 2018). Please see H129-86/2018E-PDF. |
| 500 | |aThe catalogue number (H46-2/03-326E) and ISBN (0-662-35147-9) for the English print edition have been incorrectly copied in this PDF edition. |
| 590 | |a07-02-Supp|b2007-04-05 |
| 690 | 07|aEmergency preparedness|2gcpds |
| 690 | 07|aNuclear facilities|2gcpds |
| 710 | 1 |aCanada. |bHealth Canada. |bHealthy Environments and Consumer Safety Branch. |
| 775 | 08|tLignes directrices canadiennes sur les interventions en situation d'urgence nucléaire |w(CaOODSP)9.633744 |
| 856 | 40|ahttp://publications.gc.ca|qPDF|s189 KB|uhttps://publications.gc.ca/collections/Collection/H46-2-03-326E.pdf |